Estudios escénicos : cuadernos del Instituto del Teatro cuadernos del Instituto del Teatro
Descripción Física:
7 vols. enquadernats ; periodicitat: bianual 22 cm.
MARC
| LEADER | 00000nas a2200000 a 4500 | ||
|---|---|---|---|
| 001 | 7164, 7165, 7166, 7167, 7168, 7169, 7170, 7171, 7619, 7172, 7173, 7174, 7175, 7176, 7177, 8935, 7178, 7179, 7180, 7181, 7182 | ||
| 003 | Arxiu | ||
| 005 | 20260324181036.0 | ||
| 008 | 160829s9999 xx 000 0 cat d | ||
| 017 | |a B 23621-1958 |a B 9932-1960 |a B 57-1961 |a B 425-1963 | ||
| 022 | |a 0423-4936 | ||
| 245 | |a Estudios escénicos : |b cuadernos del Instituto del Teatro | ||
| 260 | |a Barcelona : |b Diputación Provincial de Barcelona ; |c 1957-1976 | ||
| 300 | |a 7 vols. enquadernats ; |b periodicitat: bianual |c 22 cm. | ||
| 310 | |a Bianual | ||
| 362 | |a 1 (1957)-21 (sept. 1976) | ||
| 590 | |a Suplement: Estudios escénicos : cuadernos de información y crítica (1963.1-1964.2) | ||
| 650 | |a Teatre |x Revistes |9 48862 | ||
| 655 | |a Revistes |9 55823 | ||
| 710 | 1 | |a Barcelona (Catalunya : Província). |b Diputació |9 52408 | |
| 710 | 2 | |a Instituto del Teatro (Barcelona, Catalunya) |9 54846 | |
| 785 | 0 | 0 | |t Estudis escènics : quaderns de l'Institut del Teatre de la Diputació de Barcelona |
| 866 | |a Núm. 1 (1957) - Núm. 21 (1976) | ||
| 901 | |a Arxiu | ||
| 942 | |n 1 |2 udc |c REV | ||
| 952 | |0 0 |1 0 |2 udc |4 0 |6 REV251 |7 1 |9 45410 |a Arxiu |b Arxiu |d 2016-12-01 |h Núm. 1 (1957) - Núm. 3 (1958) |o Rev-251 |p 7164 |r 2016-12-01 00:00:00 |w 2016-12-01 |y ARXIU |z Altres núm. registre: 7165, 7166 | ||
| 952 | |0 0 |1 0 |2 udc |4 0 |6 REV252 |7 1 |9 63529 |a Arxiu |b Arxiu |d 2022-08-23 |h Núm. 4 (1959) - Núm. 6 (1961) |l 0 |o Rev-252 |p 7167 |r 2022-08-23 00:00:00 |w 2022-08-23 |y ARXIU |z Altres núms. registre: 7168, 7169 | ||
| 952 | |0 0 |1 0 |2 udc |4 0 |6 REV253 |7 1 |9 63530 |a Arxiu |b Arxiu |d 2022-08-23 |h Núm. 7 (1962) - Núm. 9 (1963) |l 0 |o Rev-253 |p 7170 |r 2022-08-23 00:00:00 |w 2022-08-23 |y ARXIU |z Altres núms. registre: 7171, 7619 | ||
| 952 | |0 0 |1 0 |2 udc |4 0 |6 REV254 |7 1 |9 63531 |a Arxiu |b Arxiu |d 2022-08-23 |h Núm. 10 (1964) - Núm. 13 (1969) |l 0 |o Rev-254 |p 7172 |r 2022-08-23 00:00:00 |w 2022-08-23 |y ARXIU |z Altres núms. registre: 7173, 7174, 7175 | ||
| 952 | |0 0 |1 0 |2 udc |4 0 |6 REV255 |7 1 |9 63532 |a Arxiu |b Arxiu |d 2022-08-23 |h Núm. 14 (1970) - Núm. 16 (1972) |l 0 |o Rev-255 |p 7176 |r 2022-08-23 00:00:00 |w 2022-08-23 |y ARXIU |z Altres núms. registre: 7177, 8935 | ||
| 952 | |0 0 |1 0 |2 udc |4 0 |6 REV256 |7 1 |9 63533 |a Arxiu |b Arxiu |d 2022-08-23 |h Núm. 17 (1973) - Núm. 18 (1974) |l 0 |o Rev-256 |p 7178 |r 2022-08-23 00:00:00 |w 2022-08-23 |y ARXIU |z Altre núm. registre: 7179 | ||
| 952 | |0 0 |1 0 |2 udc |4 0 |6 REV257 |7 1 |9 63534 |a Arxiu |b Arxiu |d 2022-08-23 |h Núm. 19 (1975) - Núm. 21 (1976) |l 0 |o Rev-257 |p 7180 |r 2022-08-23 00:00:00 |w 2022-08-23 |y ARXIU |z Altres núms. registre: 7181, 7182 | ||
| 999 | |c 48517 |d 48517 | ||